000 00581nam a2200229Ia 4500
003 OSt
005 20230920112425.0
008 210323s9999||||xx |||||||||||||| ||und||
040 _cSTCPL
041 _aENG
082 _a599.9
_bBAB-H V.2
100 _aBabsky, E. ...[et al]
245 0 _aHuman physiology Vol.2 /
_cby E. Babsky ...[et al]
260 _aMoscow :
_bMir Publishers ,
_c1975 .
300 _a418 p.
_bHB
650 _aReceptory mechanism
650 _aExcitable tissues
650 _aHigher nervous activities
942 _cBK
942 _2ddc
942 _2ddc
999 _c29361
_d29361